01401nam a2200313 a 45000010005000000030010000050050017000150080041000320200018000730400025000910800020001160900020001361100104001562400066002602450111003262600055004373000026004925000069005185000048005875000140006355040025007756500032008006500041008326500027008736500036009009420012009369520124009489990015010721522BR-CuiBMT20231214001653.0231117s2009 dfba 000 0 por d a9780662468615 aBR-CuiBMTcBR-CuiBMT a657.6:50422007 a657.6:504bI61e1 aInternational Organization of Supreme Audit Institutions.bWorking Group on Environmental Auditing.1 aEvolution and trends in environmental auditing.lPortuguês.10aEvolução e tendências em auditoria ambiental /cGrupo de trabalho de auditoria ambiental da Intosai. aBrasília:bTribunal de Contas da União,c2009. a91 p. :bil. ;c29 cm aTradução de: Evolution and trends in environmental auditing. aPublicação editada pela Editora do TCU. aO Brasil foi um dos países contribuintes do grupo de trabalho. Auditorias do TCU foram utilizadas para elaboração do relatório. ainclui bibliografia. aAuditoria ambientalzBrasil aInstituição superior de controle aGovernança pública aMeio ambientexFiscalização 2udccLV 00102udc4070aBIBTCEMTbBIBTCEMTd2023-12-13l0o657.6:504 I61epBIBTCEMT23120450r2023-12-14tEx. 1w2023-12-14yLV c1522d1522